| 000 | 00705nam a22002057a 4500 | ||
|---|---|---|---|
| 003 | OSt | ||
| 005 | 20250819052353.0 | ||
| 008 | 250819b |||||||| |||| 00| 0 eng d | ||
| 020 | _a1-58255-131-6. | ||
| 040 | _cOC | ||
| 082 | _aCirc. 610.73076 S769 2002 | ||
| 100 | _aMunden, J. | ||
| 245 | _aSpringhouse review for nclex-rn | ||
| 260 |
_aPennyslavania: _bSpringhouse Corporation, _c c2002. |
||
| 300 |
_axlix, 653 pages ; _c25 cm. _eCD-ROM (4 3/4) inch) |
||
| 504 | _aIncludes index. | ||
| 650 | _2Nursing - Examinations, Questions, etc. | ||
| 650 | _2Nursing - Outlines, Syllabi, etc. | ||
| 942 |
_2ddc _cBK-CIRC _e5th edition _hCirc. 610.73076 S769 2002 _kCirc. _n0 |
||
| 999 |
_c4065 _d4065 |
||